| 000 | 00434nam a22001817a 4500 | ||
|---|---|---|---|
| 003 | OSt | ||
| 005 | 20251003140639.0 | ||
| 008 | 251003b |||||||| |||| 00| 0 eng d | ||
| 020 | _a9789349597136 | ||
| 082 |
_a8H3 _bSHAS |
||
| 100 | _aSharma, Anurodh | ||
| 245 | _aSiya sukumari Ki Prem Kahani | ||
| 260 |
_aPrayagraj _bRudraditya Prakashan |
||
| 300 | _a161p. | ||
| 546 | _aHindi | ||
| 651 | _aHindi Fiction | ||
| 942 |
_2ddc _cBK |
||
| 999 |
_c3867 _d3867 |
||